Statistics for Famous Malaysia & Singapore Chinese singers

Click here to take the quiz!

General Stats

  • This quiz has been taken 115 times
    (114 since last reset)
  • The average score is 4 of 18

Answer Stats

Age(Gender)Answer% Correct
33(M)JJ Lin
83%
36(F)Stefanie Sun
67%
36(F)Fish Leong
41%
22 & 22(F)By2
35%
39(F)Tanya Chua
33%
44(M)Michael Wong
25%
51(M)Eric Moo
22%
41(M)A-Do
20%
35(M)Gary Chaw
19%
42(M)Victor Wong
15%
33(M)Nicholas Teo
11%
36(F)Penny Tai
11%
38(M)Ah Niu
8%
41(M)Z-Chen
7%
37(M)Abin
5%
38(F)Angelica Lee
4%
42(F)Mindy Quah
3%
35(M)Rynn Lim
3%

Score Distribution

Percentile by Number Answered

Percent of People with Each Score

Your Score History

You have not taken this quiz since the last reset